000 00424nam a2200169 i 4500
001 bg
100 1 _aPERDENIA, Jerzy
245 0 _aLaboratorium obrabiarek /
_cJerzy Perdenia, Józef Stachoń, Krystyna Wazl.
250 _aWyd.3.
260 _aKraków,
_c1982.
700 1 _aSTACHOŃ, Józef
700 1 _aWAZL, Krystyna
040 _cBPK
041 _apol
942 _cKS
008 s pl f |000 0 pol
999 _c20935
_d20935
856 _uhttp://koha.tu.koszalin.pl/cgi-bin/koha/opac-detail.pl?biblionumber=20935
_yKatalog online BPK